LEADER 01451nas 2200457-a 450 001 996213811803316 005 20210103031655.9 011 $a1548-8500 035 $a(DE-599)ZDB2064226-X 035 $a(OCoLC)44410995 035 $a(CKB)991042724207808 035 $a(CONSER)--2003236171 035 $a(EXLCZ)99991042724207808 100 $a20000614b20002008 s-- a 101 0 $aeng 135 $aurcnu|||||||| 181 $ctxt$2rdacontent 182 $cc$2rdamedia 183 $acr$2rdacarrier 200 10$aMennonite life 205 $aWeb ed. 210 $aNorth Newton, KS $cBethel College$d2000-2008 300 $a"An illustrated quarterly, published by Bethel College devoted to exploring and developing Mennonite experience." 300 $aIncludes tables of contents for print publication, 1998-1999. 300 $aTitle from journal home page (publisher's Web site, viewed Nov. 25, 2003). 311 $a0025-9365 531 0 $aMennon. life 606 $aMennonites$vPeriodicals 606 $aMennonites$vBibliography$vPeriodicals 606 $aMennonites$2fast$3(OCoLC)fst01016181 608 $aBibliographies.$2fast 608 $aPeriodicals.$2fast 615 0$aMennonites 615 0$aMennonites 615 7$aMennonites. 676 $a289.7 712 02$aBethel College (North Newton, Kan.) 906 $aJOURNAL 912 $a996213811803316 996 $aMennonite life$91949881 997 $aUNISA LEADER 04135nam 22004935 450 001 9911035158703321 005 20251029120407.0 010 $a9798868815881$b(electronic bk.) 010 $z9798868815874 024 7 $a10.1007/979-8-8688-1588-1 035 $a(MiAaPQ)EBC32383093 035 $a(Au-PeEL)EBL32383093 035 $a(CKB)41986267400041 035 $a(DE-He213)979-8-8688-1588-1 035 $a(CaSebORM)9798868815881 035 $a(OCoLC)1547673863 035 $a(OCoLC-P)1547673863 035 $a(EXLCZ)9941986267400041 100 $a20251029d2025 u| 0 101 0 $aeng 135 $aurcnu|||||||| 181 $ctxt$2rdacontent 182 $cc$2rdamedia 183 $acr$2rdacarrier 200 14$aThe Evolune Metaverse $eMeta-Avatars, Spatial Computing, and the Evolution of Humans with AI /$fby Frank Lisitano, John Hickie 205 $a1st ed. 2025. 210 1$aBerkeley, CA :$cApress :$cImprint: Apress,$d2025. 215 $a1 online resource (321 pages) 225 1 $aMaker Innovations Series,$x2948-2550 311 08$aPrint version: Lisitano, Frank The Evolune Metaverse Berkeley, CA : Apress L. P.,c2025 9798868815874 327 $aChapter 1: Planet Celestor - Introduction to Artificial Intelligence and the Metaverse Chapter -- 2: Generative AI Solutions for Creativity and Prediction on Planet Tibara Chapter -- 3: Blockchain: The Foundation of Digital Trust on Planet Tenrai -- Chapter 4: Planet Epsilon: Synergies Between AI, ML, Blockchain, and Beyond -- Chapter 5: Planet Zeta: Unveiling the Metaverse and Digital Twins -- Chapter 6: Powering the Pixel: The Evolution of GPUs and Their Role in Modern Computing -- Chapter 7: Planet Eta - Navigating Legal, Ethical, and Security Landscapes in the Digital Age -- Chapter 8: Planet Vire -- The Apex of Digital Realism and Spatial Interaction -- Chapter 9: Planet Synthara -- Blueprints for Integrated Digital Ecosystems -- Chapter 10: The Next Wave: Projecting the Evolution of AI and Decentralized Technologies -- Epilogue. 330 $aWelcome to "Evolune," a far-reaching adventure set in the year 11000, where the frontiers of Virtual Reality (VR), AI, Blockchain technology, and the Metaverse converge. In this advanced future, we explore the profound capabilities of a metaverse platform known as Evolune, which enables you to jump between universes. This realm is ruled by the powerful King Duncan and his corporate empire, The Gnos. This narrative intertwines with a mission to secure the potent Evolune energy, navigate diverse planetary systems, and resist the tyranny of The Gnos. As you step into the role of an astronaut, warrior, and scientist, this book serves as both a guide and a companion. Each chapter, depicted as a unique planet within the Evolune universe, delves into the intricacies of cutting-edge technologies. With a focus on Generative AI solutions, the revolutionary potential of blockchain, and the transformative capabilities of computational graphics, we embark on a journey to unravel these complex domains. Through a blend of immersive storytelling, detailed technical descriptions, and practical insights, the narrative is designed to demystify these technologies while integrating the lore of Evolune. Part fiction, part field guide, The Evolune Metaverse caters to a diverse audience?from Metaverse and spatial computing visionaries and blockchain developers to Generative AI engineers and technology enthusiasts and is tailored to broaden your horizons and deepen your comprehension of these rapidly evolving fields. We discuss practical applications, ethical considerations, and visionary future directions of AI, Blockchain, and the Metaverse to equip you with the knowledge and skills necessary to innovate and excel. 410 0$aMaker Innovations Series,$x2948-2550 606 $aMetaverse 615 0$aMetaverse. 676 $a006.8 700 $aLisitano$b Frank$01853731 701 $aHickie$b John$01853732 801 0$bMiAaPQ 801 1$bMiAaPQ 801 2$bMiAaPQ 912 $a9911035158703321 996 $aThe Evolune Metaverse$94450360 997 $aUNINA LEADER 04114nam 2200613Ia 450 001 9910130881703321 005 20251116140506.0 010 $a1-283-40811-2 010 $a9786613408112 010 $a1-4443-9399-5 010 $a1-4443-9401-0 035 $a(CKB)3460000000000054 035 $a(EBL)675217 035 $a(SSID)ssj0000477524 035 $a(PQKBManifestationID)11280411 035 $a(PQKBTitleCode)TC0000477524 035 $a(PQKBWorkID)10513028 035 $a(PQKB)11629208 035 $a(MiAaPQ)EBC675217 035 $a(OCoLC)711780407 035 $a(BIP)46448905 035 $a(BIP)26000343 035 $a(EXLCZ)993460000000000054 100 $a20101109d2011 uy 0 101 0 $aeng 135 $aur|n|---||||| 181 $ctxt$2rdacontent 182 $cc$2rdamedia 183 $acr$2rdacarrier 200 00$aAdvances in malignant hematology /$fedited by Hussain I. Saba, Ghulam J. Mufti 205 $aFirst edition. 210 $aChichester, West Sussex ;$aHoboken, NJ $cWiley-Blackwell$d2011 215 $a1 online resource (444 pages) 300 $aBibliographic Level Mode of Issuance: Monograph 311 08$a1-4051-9626-2 320 $aIncludes bibliographical references and index. 327 $aAdvances in Malignant Hematology -- Contents -- List of Contributors -- Acknowledgement -- Preface -- List of Main Abbreviations -- PART 1: Hematopoiesis -- 1 Normal and Malignant Hematopoiesis -- 2 The Leukemia Genome -- PART 2: Myeloid Malignancies -- 3 Myeloproliferative Neoplasms -- 4 Molecular Pathogenesis of BCR-ABL in Chronic Myeloid Leukemia -- 5 Standard Management of Patients with Chronic Myeloid Leukemia -- 6 The Molecular Biology of Acute Myeloid Leukemia -- 7 Acute Myeloid Leukemia -- 8 Acute Promyelocytic Leukemia -- 9 A Pluralistic Approach to the Study of Myelodysplastic Syndromes: Evolving Pathology of the Seed via the Soil -- 10 Myelodysplastic Syndrome: A Review of Current Care -- 11 Supportive Care in Myelodysplastic Syndrome -- PART 3: Lymphoid Malignancies -- 12 Molecular Biology of Chronic Lymphoproliferative Disorders -- 13 Chronic Lymphocytic Leukemia -- 14 Acute Lymphoblastic Leukemia -- 15 Large Granular Lymphocyte Leukemia -- 16 Hairy Cell Leukemia -- 17 Molecular Basis of B-cell Lymphomas -- 18 Non-Hodgkin Lymphomas -- 19 Hodgkin Lymphoma -- PART 4: Plasma Cell Disorders -- 20 Multiple Myeloma: Molecular Biology, Diagnosis and Treatment -- 21 Waldenström's Macroglobulinemia -- 22 Primary Systemic Amyloidosis (AL) -- PART 5: Bone Marrow Transplantation and Quality of Life -- 23 Advances in Allogeneic Hematopoietic Cell Transplantation: Progress in Transplantation Technology and Disease-Specific Outcomes -- 24 Quality of Life after the Diagnosis of Hematologic Malignancies -- Index -- Colour Plates. 330 $aThis comprehensive book captures and compiles new and current information on hematologic malignancies. New knowledge of cellular disease processes, molecular pathology, and cytogenetic, epigenetic and genomic changes has influenced the current outlook toward haematological malignancies. This recent and ongoing expansion of knowledge on malignant hematology has not previously been utilized to its full capacity due to its diffuse distribution scattered over the internet and research publications. This book is written by experts from the American and European continent, sharing their current thoughts and knowledge on the pathobiology of malignant haematological diseases of the blood, as well as current treatment strategies and future developments in the area of these haematological diseases. 606 $aLeukemia 606 $aLymphomas 606 $aMyelodysplastic syndromes 615 0$aLeukemia. 615 0$aLymphomas. 615 0$aMyelodysplastic syndromes. 676 $a616.99/446 701 $aMufti$b G. J$01755467 701 $aSaba$b Hussain I$0880219 801 0$bMiAaPQ 801 1$bMiAaPQ 801 2$bMiAaPQ 906 $aBOOK 912 $a9910130881703321 996 $aAdvances in malignant hematology$94192264 997 $aUNINA